000 00602nam a2200217Ia 4500
003 OSt
005 20220918203122.0
006 a|||||r|||| 00| 0
007 ta
008 220917b |||||||| |||| 00| 0 eng d
024 _a106,163
037 _cTextual
040 _aARTS
_cARTS
_beng
041 _2eng
_aeng
082 _aV3:1:J6, B8.1-.6
245 0 _aHistory of the great rebellions and civil wars in England ed by W Dunn Macracy
260 _aLondon
_bClarendon Press
_c1898
650 _aHISTORY
942 _hV3:1:J6, B8.1-.6
_cTEXL
_2CC
999 _c229521
_d229521